000 00588nam a2200229Ia 4500
003 OSt
005 20220923230135.0
006 a|||||r|||| 00| 0
007 ta
008 Pun
024 _a277,720
037 _cTextual
040 _aARTS
_cARTS
_bPun
041 _2Pun
_aPun
082 _aO153,3NLI,KD, K6
100 _aਨਾਦਾਨ, ਲੀਨਾ
245 0 _aਕੱਚੀ ਦੀਵਾਰ
260 _c1966
650 _aਪੰਜਾਬੀ ਸਾਹਿਤ
942 _hO153,3NLI,KD, K6
_cTEXL
_2CC
999 _c382772
_d382772